Normal view
MARC view
Entry Personal Name
001 - CONTROL NUMBER
- control field: 726577
003 - CONTROL NUMBER IDENTIFIER
- control field: OSt
005 - DATE AND TIME OF LATEST TRANSACTION
- control field: 20241129105904.0
008 - FIXED-LENGTH DATA ELEMENTS
- fixed length control field: 241129|| aca||aabn | a|a d
040 ## - CATALOGING SOURCE
- Original cataloging agency: OSt
- Transcribing agency: OSt
100 ## - HEADING--PERSONAL NAME
- Personal name: Singharoy Debal K. Au
670 ## - SOURCE DATA FOUND
- Source citation: Work cat.: (OSt)1226446: Singharoy Debal K. Au., Patriotism, partition and the persecuted: social biography of victims of partition, 2022
